000 00213 a2200097 4500
001 47848
100 _aJones C
245 _aThe Untemperel Wind
260 _aLondon
_bLongman Group Ltd
_c
090 _c30845
_d30845
942 _aNUST-CAE
_cM
_c23164
999 _c282921
_d282921